Hormigón de alta resistencia: características, dosificación, puesta en obra, posibilidades

Salvato in:
Dettagli Bibliografici
Autore principale: González-Isabel, Germán (Autore)
Natura: Libro
Lingua:spagnolo
Pubblicazione: Madrid INTEMAC 1993
Soggetti:
Tags: Aggiungi Tag
Nessun Tag, puoi essere il primo ad aggiungerne!!

MARC

LEADER 00000nam a2200000 a 4500
001 UCX8095
003 CL-VaPUC
008 940124e19930000SP |||||||||||||||||spa|d
082 0 4 |a 620.136  |b GON  |2 21 
100 0 |a González-Isabel, Germán  |e author  |9 325152 
245 1 0 |a Hormigón de alta resistencia: características, dosificación, puesta en obra, posibilidades 
300 |a 316 p 
942 |c BK 
945 |d 19940124 00:00:00  |a mfernand 
260 |a Madrid  |b INTEMAC  |c 1993 
650 7 |a HORMIGON ADITIVOS  |2 CL-VaPUC  |9 262816 
650 7 |a HORMIGON CONTROL DE CALIDAD  |2 CL-VaPUC  |9 262817 
650 7 |a HORMIGON CURADO  |2 CL-VaPUC  |9 262818 
650 7 |a HORMIGON EXPANSION Y CONTRACCION  |2 CL-VaPUC  |9 262819 
583 |a last modification  |c 19940124 00:00:00  |k Rodrigo Vera 
999 |c 227715  |d 227713 
952 |0 0  |1 0  |4 0  |6 620_136000000000000_GON_1993  |7 0  |8 A  |9 226902  |a BIBING  |b BIBING  |d 2019-11-15  |i 2960834  |l 1  |o 620.136 GON 1993  |p 2960834  |r 2025-01-20  |s 2023-08-28  |w 2019-11-15  |y BK  |k CCL 
952 |0 0  |1 0  |4 0  |6 620_136000000000000_GON_1993  |7 0  |8 A  |9 226903  |a BIBING  |b BIBING  |d 2019-11-15  |i 3350010  |o 620.136 GON 1993  |p 3350010  |r 2025-01-20  |w 2019-11-15  |y BK  |k CCL 
952 |0 0  |1 0  |4 0  |6 620_136000000000000_GON_1993  |7 0  |8 A  |9 226904  |a BIBING  |b BIBING  |d 2019-11-15  |i 3486877  |o 620.136 GON 1993  |p 3486877  |r 2025-01-20  |w 2019-11-15  |y BK  |k CCL